00359nam a2200157Ia 45000010006000000050017000060080041000230410008000640820017000721000028000892450031001172600009001483000028001576500008001856540008001931295920260306163018.0260306t1990||||xx |||||||||||||| ||spa|| aESP a467.985bA76 aAlvarez Vita, JuaneAUT 0aDiccionario de peruanismos c1990 a185 páginas :c21 cm. aGEN aCHU